[Event "Oberliga Wuerttemberg 1011"]
[Site "Wuerttemberg"]
[Date "2011.04.17"]
[Round "9"]
[White "Maurischat, Philipp"]
[Black "Engelhart, Achim"]
[Result "1/2-1/2"]
[WhiteElo "2222"]
[BlackElo "2161"]
[PlyCount "62"]
[EventDate "2010.09.26"]
[EventType "team-tourn"]
[EventRounds "9"]
[EventCountry "GER"]
[SourceTitle "EXT 2019"]
[Source "ChessBase"]
[SourceDate "2018.10.10"]
[SourceVersion "1"]
[SourceVersionDate "2018.10.10"]
[SourceQuality "1"]
[WhiteTeam "Deizisau"]
[BlackTeam "Ulm Post"]
[WhiteTeamCountry "GER"]
[BlackTeamCountry "GER"]

1. d4 d5 2. c4 dxc4 3. e4 Nc6 4. d5 Ne5 5. Nc3 Nf6 6. Bf4 Ng6 7. Bg3 e6 8. Bxc4 exd5 9. exd5 Bd6 10. Nf3 0-0 11. 0-0 Bg4 12. Be2 Nf4 13. Bxf4 Bxf4 14. Qd4 Bd6 15. Rad1 a6 16. h3 Bxf3 17. Bxf3 Re8 18. Qd3 Qd7 19. Ne4 Nxe4 20. Bxe4 g6 21. Bf3 Re5 22. a3 Rae8 23. Rc1 R8e7 24. Rc4 Qb5 25. b4 a5 26. bxa5 Qxa5 27. a4 Re1 28. g3 Rxf1+ 29. Kxf1 Qe1+ 30. Kg2 b6 31. Re4 Rxe4 1/2-1/2

[Event "Oberliga Wuerttemberg 0809"]
[Site "Wuerttemberg"]
[Date "2009.01.18"]
[Round "5.3"]
[White "Maurischat, Philipp"]
[Black "Beyer, Christian"]
[Result "0-1"]
[WhiteElo "2176"]
[BlackElo "2167"]
[PlyCount "72"]
[EventDate "2008.10.12"]
[EventType "team-tourn"]
[EventRounds "9"]
[EventCountry "GER"]
[SourceTitle "EXT 2019"]
[Source "ChessBase"]
[SourceDate "2018.10.10"]
[SourceVersion "1"]
[SourceVersionDate "2018.10.10"]
[SourceQuality "1"]
[WhiteTeam "Deizisau"]
[BlackTeam "Feuerbach"]
[WhiteTeamCountry "GER"]
[BlackTeamCountry "GER"]

1. d4 d5 2. c4 e6 3. Nf3 c5 4. cxd5 exd5 5. g3 Nf6 6. Bg2 Be7 7. 0-0 0-0 8. dxc5 Bxc5 9. Qc2 Bb6 10. Nc3 Nc6 11. Bg5 Be6 12. Na4 h6 13. Nxb6 axb6 14. Bf4 Ra5 15. Rfd1 Rc5 16. Qd3 Re8 17. a3 Qd7 18. b4 Bf5 19. Qb3 Bc2 20. Qb2 Bxd1 21. Rxd1 Rc4 22. e3 b5 23. Bxh6 Ne4 24. Bf4 Qc8 25. Bf1 Qg4 26. Kg2 g5 27. Bc7 Rc3 28. Bb6 Ne5 29. Nxe5 Qxd1 30. Be2 Qe1 31. Bd4 Qxf2+ 32. Kh3 Rxe5 33. Bxc3 g4+ 34. Kxg4 Qf5+ 35. Kh4 Qf6+ 36. Kh3 Nxc3 0-1

[Event "Wuerttemberg-ch"]
[Site "Willsbach"]
[Date "1997.??.??"]
[Round "1"]
[White "Gottschling, Stefan"]
[Black "Maurischat, Philipp"]
[Result "1-0"]
[WhiteElo "2270"]
[BlackElo "2035"]
[PlyCount "53"]
[EventDate "1997.??.??"]
[EventType "swiss"]
[EventRounds "9"]
[EventCountry "GER"]
[SourceTitle "EXT 1999"]
[Source "ChessBase"]
[SourceDate "1998.11.16"]
[SourceVersion "1"]
[SourceVersionDate "1998.11.16"]
[SourceQuality "1"]

1. e4 c5 2. Nf3 Nc6 3. d4 cxd4 4. Nxd4 e6 5. Nc3 Qc7 6. Be2 a6 7. 0-0 Nf6 8. Be3 Bb4 9. Na4 0-0 10. Nxc6 bxc6 11. Qd4 Bd6 12. g3 Rb8 13. c3 Be5 14. Qd3 d5 15. exd5 cxd5 16. Rab1 Qa5 17. b3 Rd8 18. Bd4 Bxd4 19. cxd4 Ne4 20. Rfc1 Bd7 21. Qxa6 Qb4 22. Nc5 Nc3 23. Rb2 Qxd4 24. Nxd7 Rxd7 25. Rbc2 Ne4 26. Rc8+ Rd8 27. Rxb8 1-0

[Event "Wuerttemberg-ch"]
[Site "Willsbach"]
[Date "1997.??.??"]
[Round "2"]
[White "Haist, Wolfgang"]
[Black "Maurischat, Philipp"]
[Result "1-0"]
[WhiteElo "2245"]
[BlackElo "2035"]
[PlyCount "103"]
[EventDate "1997.??.??"]
[EventType "swiss"]
[EventRounds "9"]
[EventCountry "GER"]
[SourceTitle "EXT 1999"]
[Source "ChessBase"]
[SourceDate "1998.11.16"]
[SourceVersion "1"]
[SourceVersionDate "1998.11.16"]
[SourceQuality "1"]

1. e4 c5 2. Nf3 Nc6 3. Nc3 e6 4. d4 cxd4 5. Nxd4 Qc7 6. Be3 a6 7. Bd3 Nf6 8. Nxc6 bxc6 9. f4 Rb8 10. Rb1 e5 11. 0-0 Bd6 12. Qf3 exf4 13. Bxf4 Bxf4 14. Qxf4 Qxf4 15. Rxf4 d6 16. b3 Nd7 17. Rd1 Ne5 18. Nb1 a5 19. Be2 Ke7 20. Nd2 Be6 21. h3 a4 22. Rff1 Ra8 23. Nf3 Nxf3+ 24. Rxf3 f6 25. Rg3 g6 26. Rc3 axb3 27. axb3 Rhc8 28. Kf2 c5 29. Bc4 Bxc4 30. Rxc4 Rcb8 31. Ke3 Ra6 32. g4 Rh8 33. Kf4 Ke6 34. g5 Rf8 35. Ra4 Rxa4 36. bxa4 f5 37. c4 fxe4+ 38. Kxe4 Rf2 39. Ra1 Rc2 40. Kd3 Rf2 41. a5 d5 42. a6 Rf8 43. a7 Ra8 44. cxd5+ Kxd5 45. Ra5 Kd6 46. Kc4 Kc6 47. Ra6+ Kb7 48. Kb5 c4 49. Rb6+ Kc7 50. Ka6 Rc8 51. Rb7+ Kd6 52. Rb8 1-0

[Event "Wuerttemberg-ch"]
[Site "Willsbach"]
[Date "1997.??.??"]
[Round "6"]
[White "Maurischat, Philipp"]
[Black "Klaus, Ingo"]
[Result "0-1"]
[WhiteElo "2035"]
[BlackElo "2125"]
[PlyCount "84"]
[EventDate "1997.??.??"]
[EventType "swiss"]
[EventRounds "9"]
[EventCountry "GER"]
[SourceTitle "EXT 1999"]
[Source "ChessBase"]
[SourceDate "1998.11.16"]
[SourceVersion "1"]
[SourceVersionDate "1998.11.16"]
[SourceQuality "1"]

1. d4 e6 2. Nf3 Nf6 3. c4 Bb4+ 4. Nbd2 c5 5. a3 Bxd2+ 6. Bxd2 cxd4 7. Nxd4 d5 8. cxd5 Qxd5 9. e3 0-0 10. Nb5 Na6 11. Qf3 Qxf3 12. gxf3 Rd8 13. Rc1 b6 14. b4 Bb7 15. e4 Rd7 16. Be3 Ne8 17. Bc4 Nac7 18. Ke2 Kf8 19. Nxc7 Nxc7 20. b5 f6 21. Bd2 Rad8 22. Bb4+ Kf7 23. Rhd1 g5 24. a4 g4 25. fxg4 Bxe4 26. Rxd7+ Rxd7 27. Bb3 Bd5 28. Bc2 Bc4+ 29. Kf3 h6 30. Rd1 Bd5+ 31. Kg3 Ne8 32. f4 Rc7 33. Bb1 Rc4 34. Bd2 Rxa4 35. f5 Rd4 36. Bc2 Bc4 37. Bxh6 Rxd1 38. Bxd1 Bxb5 39. Bb3 Bd7 40. Bf4 a5 41. Bd2 Nd6 42. h4 Ne4+ 0-1